000 00678nam a2200229Ii 4500
003 JO-AjNU
008 230606s9999||||xx |||||||||||||| ||und||
020 _a0-273-75276-6
040 _aJO-AjNU
_beng
_erda
_cJO-AjNU
041 _aeng
050 1 4 _aQA76.73.C153 .D45 2012
100 3 _aDeitel,paul/Detiel,Harvey,
_eauthor
_92781
245 0 0 _ac++ how to program
250 _a8 ed
264 3 1 _aPrentice Hall of India private Limited:Newdelhi,2012
300 _a1100p
336 _atext
_btxt
_2rdacontent
337 _aunmediated
_bn
_2rdamedia
338 _avolume
_bnc
_2rdacarrier
490 0 _aHOW TO PROGRAM SERIES
650 4 _a(Computer program language) 
_92782
999 _aE1456
_c1456
_d1456